| 000 | 00888nam a2200289 4500 | ||
|---|---|---|---|
| 001 | 2046 | ||
| 010 | _a9789895814961 | ||
| 021 |
_aPT _b546868/25 |
||
| 090 | _a2046 | ||
| 100 | _a20260212d2025 a||y0pory50030103ba | ||
| 101 | _apor | ||
| 102 | _aPT | ||
| 200 |
_aOs Novos Cinco e o tesouro escondido _fChris Smith _gil. James Lancett _gtrad. Eugénia Antunes |
||
| 205 | _a1ª edição | ||
| 210 |
_aAlfragide _cOficina do Livro _d2025 |
||
| 215 |
_a212, [12] p. _cil. _d21 m |
||
| 225 |
_aOs Novos Cinco _v1 |
||
| 300 | _aBMB-Registado | ||
| 304 | _aTít. orig.: The new Famous Five and the forgotten treasure | ||
| 606 |
_9815 _aLiteratura Juvenil |
||
| 675 |
_a087.5 _vBMB _zpor |
||
| 700 |
_aChris _bSmith _f1973- _92934 |
||
| 702 |
_aLancett _bJames _4440 _92935 |
||
| 702 |
_aAntunes _bEugénia _f1972- _4730 _9887 |
||
| 702 |
_aBlyton _bEnid _f1897-1968 _9885 |
||
| 801 |
_aPT _bBMB _gRPC |
||
| 990 | _cLIVROS | ||